| 000 | 00357nam a2200145Ia 4500 | ||
|---|---|---|---|
| 008 | 230917s9999||||xx |||||||||||||| ||und|| | ||
| 040 |
_e47167 _aMAIN |
||
| 041 | _aEnglish | ||
| 082 | _a822.33 S15R:P | ||
| 100 | _aRibne, Irving | ||
| 245 | 0 | _aPatterns in Shakespearean tragedy | |
| 260 |
_aLondon _bMathuen _c1960 |
||
| 300 | _axii, 205 p. | ||
| 942 | _cBK | ||
| 999 |
_c134016 _d134016 |
||